Théâtre de C.A. Demoustier : auteur de lettres à émilie sur la mythologie.

Bibliographic Details
Main Author: Demoustier, C. A. (Charles Albert), 1760-1801
Format: Book
Language:French
Published: Paris : A.A. Renouard, 1804.
Series:Demoustier, C. A. (Charles Albert), 1760-1801. Works. 1804.

MARC

Tag First Indicator Second Indicator Subfields
LEADER 00000cam a2200000Ma 4500
001 in00002698521
005 20151202122431.0
008 920908s1804 fr 000 d fre d
010 |a  14007444  
035 |a (OCoLC)ocm27949780 
035 |a (OCoLC)27949780 
040 |a VT2  |c VT2  |d OCLCQ  |d OCLCG  |d TXA  |d UtOrBLW 
049 |a TXAM 
090 |a PQ1977  |b .D32 1804 
100 1 |a Demoustier, C. A.  |q (Charles Albert),  |d 1760-1801. 
245 1 0 |a Théâtre de C.A. Demoustier :  |b auteur de lettres à émilie sur la mythologie. 
264 1 |a Paris :  |b A.A. Renouard,  |c 1804. 
300 |a 2 volumes ;  |c 14 cm. 
336 |a text  |b txt  |2 rdacontent 
337 |a unmediated  |b n  |2 rdamedia 
338 |a volume  |b nc  |2 rdacarrier 
490 1 |a Oeuvres de C.A. Demoustier 
505 0 |a t. 1. Le conciliateur. Les femmes. -- t. 2. Alceste à la campagne. Le divorce. La toilette de Julie. L'amour filial. 
740 0 |a Conciliateur. 
740 0 |a Femmes. 
740 0 |a Alceste à la campagne. 
740 0 |a Divorce. 
740 0 |a Toilette de Julie. 
776 0 8 |i Online version:  |a Demoustier, C. A. (Charles Albert), 1760-1801.  |t Théâtre de C.A. Demoustier.  |d Paris : A.A. Renouard, 1804  |w (OCoLC)656628047 
800 1 |a Demoustier, C. A.  |q (Charles Albert),  |d 1760-1801.  |t Works.  |f 1804. 
948 |a cataloged  |b h  |c 2011/6/13  |d c  |e hgolay  |f 10:05:54 am 
994 |a C0  |b TXA 
999 |a MARS 
999 f f |s 4a3f2ce9-981f-34ea-832b-7ffe871bf94a  |i bd5ce6ea-0416-3019-8c4d-feb50e8ba050  |t 0 
952 f f |p noncirc  |a Texas A&M University  |b College Station  |c Cushing Memorial Library & Archives  |d Cushing: Dawson French (Does not check out)  |t 0  |e PQ1977 .D32 1804  |h Library of Congress classification  |i unmediated -- volume  |k t.1/t.2 
998 f f |a PQ1977 .D32 1804  |s t.1/t.2  |t 0  |l Cushing: Dawson French (Does not check out)